[Event "Memorial Alfeo Gigli A"]
[Site "Pianoro ITA"]
[Date "2011.11.25"]
[Round "1"]
[White "Ebrahim, Gaber Giulio"]
[Black "Lagrotteria, Salvatore"]
[Result "1/2-1/2"]
[WhiteElo "1770"]
[BlackElo "2198"]
[PlyCount "94"]
[EventDate "2011.11.25"]

1. c4 c6 2. e4 d5 3. exd5 cxd5 4. d4 Nf6 5. Nc3 e6 6. Nf3 Nc6 7. Bd3 h6 8. O-O
Be7 9. Be3 O-O 10. Rc1 Nb4 11. Bb1 dxc4 12. Ne5 Nc6 13. Nxc4 Re8 14. Qd2 Bf8
15. Rfd1 Nd5 16. g3 Nxc3 17. Qxc3 Qd5 18. Ne5 Bd7 19. Qd3 f5 20. Nxd7 Qxd7 21.
d5 Qxd5 22. Qxd5 exd5 23. Rxd5 g6 24. Rd7 Re7 25. Rxe7 Nxe7 26. Rc7 b6 27. a3
Kf7 28. Ba2+ Ke8 29. Be6 Bg7 30. a4 Be5 31. Rb7 g5 32. b3 f4 33. gxf4 gxf4 34.
Bc1 Rd8 35. Ba3 Bd6 36. Bxd6 Rxd6 37. Rb8+ Rd8 38. Bf7+ Kd7 39. Rb7+ Kd6 40.
Rxa7 Nc6 41. Rb7 Kc5 42. Kg2 Na5 43. Re7 Nc6 44. Re6 Rf8 45. Bh5 Rg8+ 46. Rg6
Rxg6+ 47. Bxg6 Nd4 1/2-1/2

[Event "Memorial Alfeo Gigli A"]
[Site "Pianoro ITA"]
[Date "2011.11.25"]
[Round "1"]
[White "Fuochi, Tommaso"]
[Black "Napoli, Nicolo'"]
[Result "0-1"]
[WhiteElo "1862"]
[BlackElo "2341"]
[PlyCount "88"]
[EventDate "2011.11.25"]

1. c4 e5 2. Nc3 Nf6 3. g3 Bb4 4. Bg2 O-O 5. Nf3 Re8 6. O-O c6 7. a3 Bxc3 8.
dxc3 d5 9. cxd5 cxd5 10. Bg5 e4 11. Ne1 Be6 12. h3 Nc6 13. Nc2 h6 14. Be3 Ne5
15. Bd4 Nc4 16. b3 Nd6 17. Ne3 Nb5 18. Bxf6 Qxf6 19. Nxd5 Bxd5 20. Qxd5 Nxc3
21. Qd2 Rad8 22. Qb2 Qd4 23. Rac1 Rc8 24. e3 Qd3 25. Rc2 Rc7 26. Rd2 Qa6 27.
Kh2 f5 28. Rc1 Qf6 29. Bf1 b5 30. Rdc2 Rec8 31. Be2 Kh7 32. Bf1 a6 33. Rd2 Qf8
34. Rdc2 Qf6 35. Rd2 Rc6 36. Rdc2 Rc5 37. Kg2 h5 38. Kh2 h4 39. Bg2 Qe5 40. Rd2
R5c6 41. Rd7 Rg6 42. Qd2 hxg3+ 43. fxg3 Qxg3+ 44. Kh1 Ne2 0-1

[Event "Memorial Alfeo Gigli A"]
[Site "Pianoro ITA"]
[Date "2011.11.25"]
[Round "1"]
[White "Gilevych, Artem"]
[Black "Garofalo, Sergio"]
[Result "1-0"]
[WhiteElo "2270"]
[BlackElo "1804"]
[PlyCount "51"]
[EventDate "2011.11.25"]

1. d4 Nf6 2. Nf3 d6 3. c4 g6 4. Nc3 Bg7 5. e4 Bg4 6. Be2 O-O 7. Ng1 Bc8 8. Be3
Na6 9. Nf3 c5 10. O-O Ng4 11. Bg5 f5 12. Nd5 Nf6 13. exf5 Bxf5 14. dxc5 Nxc5
15. Nd4 Nxd5 16. cxd5 h6 17. Be3 Kh7 18. Rc1 Rf7 19. b4 Bxd4 20. Qxd4 Na4 21.
Qh4 Kg8 22. Qxh6 Rh7 23. Qg5 Qe8 24. Bd4 Nb6 25. g4 e5 26. Bxb6 1-0

[Event "Memorial Alfeo Gigli A"]
[Site "Pianoro ITA"]
[Date "2011.11.25"]
[Round "1"]
[White "Llanes Hurtado, Miguel"]
[Black "Pinna, Ferdinando"]
[Result "1-0"]
[WhiteElo "2476"]
[BlackElo "1929"]
[PlyCount "41"]
[EventDate "2011.11.25"]

1. d4 Nf6 2. c4 g6 3. Nc3 d5 4. Bg5 Ne4 5. Bh4 Bg7 6. cxd5 Nxc3 7. bxc3 Qxd5 8.
e3 Qa5 9. Qb3 Be6 10. Qb5+ Qxb5 11. Bxb5+ c6 12. Bd3 c5 13. Rb1 cxd4 14. cxd4
Nc6 15. Rxb7 O-O 16. Be4 Rfc8 17. d5 f5 18. Bf3 Nb4 19. dxe6 Rc1+ 20. Bd1 Rd8
21. Rd7 1-0

[Event "Memorial Alfeo Gigli A"]
[Site "Pianoro ITA"]
[Date "2011.11.25"]
[Round "1"]
[White "Mrdja, Milan"]
[Black "Bonetti, Carlo"]
[Result "1-0"]
[WhiteElo "2407"]
[BlackElo "1891"]
[PlyCount "63"]
[EventDate "2011.11.25"]

1. e4 e6 2. d4 d5 3. Nc3 Nf6 4. Bg5 dxe4 5. Nxe4 Be7 6. Bxf6 gxf6 7. Nf3 b6 8.
Bb5+ c6 9. Bc4 Ba6 10. Bxa6 Nxa6 11. Qe2 Nc7 12. O-O-O Qd5 13. Kb1 Rg8 14. g3
Qb5 15. c4 Qa5 16. Rd3 Qa6 17. Rc1 O-O-O 18. Ned2 Kb8 19. Qe3 Rge8 20. Qh6 Rd5
21. Qxh7 Ra5 22. a3 b5 23. Rb3 b4 24. axb4 Ra1+ 25. Kc2 Ra4 26. Qxf7 Rxb4 27.
Kb1 Ka8 28. Rxb4 Bxb4 29. Qxc7 Rb8 30. Rc2 Ba3 31. d5 cxd5 32. Nd4 1-0

[Event "Memorial Alfeo Gigli A"]
[Site "Pianoro ITA"]
[Date "2011.11.25"]
[Round "1"]
[White "Otte, Marijn Willem"]
[Black "Zerba, Fabio"]
[Result "1-0"]
[WhiteElo "2236"]
[BlackElo "1775"]
[PlyCount "115"]
[EventDate "2011.11.25"]

1. e4 d5 2. exd5 Qxd5 3. Nf3 Bg4 4. Be2 Nf6 5. d4 e6 6. O-O Nc6 7. Be3 Be7 8.
h3 Bh5 9. c4 Qd7 10. Nbd2 Bg6 11. a3 Ne4 12. Nb3 Rd8 13. Bd3 O-O 14. Qc2 Nf6
15. Bxg6 fxg6 16. Rad1 Nh5 17. Qe2 Nf4 18. Bxf4 Rxf4 19. Rfe1 Bf8 20. Qxe6+
Qxe6 21. Rxe6 Rf6 22. Re3 Ne7 23. Rde1 Nf5 24. Re8 Rxe8 25. Rxe8 Nd6 26. Rb8 b6
27. Ne5 Re6 28. f4 Re8 29. Rxe8 Nxe8 30. Kf2 Nd6 31. Kf3 a5 32. g4 Be7 33. a4
Bf6 34. Nd2 Nf7 35. Nxf7 Kxf7 36. Ke4 Ke6 37. Nf3 Kd6 38. b3 c5 39. d5 Be7 40.
g5 Bf8 41. h4 Be7 42. Ne5 Bf8 43. Nc6 Kd7 44. f5 gxf5+ 45. Kxf5 Bd6 46. h5 Bf8
47. Ne5+ Ke7 48. g6 h6 49. Nf7 Kd7 50. Ke5 Be7 51. d6 Bf6+ 52. Kd5 Bb2 53. Ne5+
Ke8 54. Ke6 Bxe5 55. Kxe5 Kd7 56. Kd5 Kd8 57. Kc6 b5 58. axb5 1-0

[Event "Memorial Alfeo Gigli A"]
[Site "Pianoro ITA"]
[Date "2011.11.25"]
[Round "1"]
[White "Pinto, Antonio"]
[Black "Martinez, Rolly"]
[Result "0-1"]
[WhiteElo "1926"]
[BlackElo "2420"]
[PlyCount "86"]
[EventDate "2011.11.25"]

1. e4 c5 2. Nf3 d6 3. d4 cxd4 4. Nxd4 Nf6 5. Nc3 Nc6 6. Bc4 Qb6 7. Nb3 e6 8.
O-O Be7 9. Be3 Qc7 10. Be2 a6 11. a4 b6 12. f4 Bb7 13. Bf3 O-O 14. Qe1 Nb4 15.
Qf2 Nd7 16. Rad1 Rac8 17. Rd2 Nc5 18. Nxc5 bxc5 19. g4 Rfd8 20. Rfd1 Bc6 21. f5
Qb7 22. Bf4 d5 23. e5 d4 24. Bxc6 Qxc6 25. Ne2 Nd5 26. Ng3 Bh4 27. Qf3 g5 28.
fxg6 fxg6 29. Bh6 Rf8 30. Qg2 Qxa4 31. Nh5 Rf7 32. Rf1 Rcc7 33. Nf6+ Bxf6 34.
exf6 Qc6 35. Qe2 Nxf6 36. Qe5 Qd5 37. Qxf6 Rxf6 38. Rxf6 Rf7 39. Rdf2 Rxf6 40.
Rxf6 Qd6 41. Kg2 c4 42. Rf1 d3 43. cxd3 cxd3 0-1

[Event "Memorial Alfeo Gigli A"]
[Site "Pianoro ITA"]
[Date "2011.11.25"]
[Round "1"]
[White "Sasdelli, Massimo"]
[Black "Mascellani, Marco"]
[Result "0-1"]
[WhiteElo "1836"]
[BlackElo "2297"]
[PlyCount "49"]
[EventDate "2011.11.25"]

1. c4 e5 2. Nc3 Nc6 3. g3 g6 4. Bg2 Bg7 5. d3 d6 6. Rb1 Be6 7. b4 Qd7 8. Qa4
Nge7 9. b5 Nd8 10. Ba3 O-O 11. Nd5 Bxd5 12. cxd5 a6 13. Nh3 b6 14. Ng5 h6 15.
Ne6 fxe6 16. dxe6 Nxe6 17. Bxa8 Rxa8 18. Bc1 Nc5 19. Qh4 axb5 20. O-O Rxa2 21.
Rb2 Ra4 22. f4 exf4 23. gxf4 Nf5 24. Qf2 Nxd3 25. Qg2 0-1

[Event "Memorial Alfeo Gigli A"]
[Site "Pianoro ITA"]
[Date "2011.11.25"]
[Round "1"]
[White "Steccanella, Sergio"]
[Black "Malfagia, Andrea"]
[Result "0-1"]
[WhiteElo "1787"]
[BlackElo "2261"]
[PlyCount "62"]
[EventDate "2011.11.25"]

1. d4 Nf6 2. c4 e6 3. Nc3 Bb4 4. Bg5 h6 5. Bd2 d5 6. e3 O-O 7. Bd3 c5 8. Nge2
cxd4 9. Nxd4 e5 10. Nc2 Bxc3 11. Bxc3 Nc6 12. f3 Re8 13. O-O Be6 14. c5 a5 15.
Na3 Qe7 16. Rc1 Qxc5 17. Bd4 Qe7 18. Bc5 Qd8 19. Nb5 Nd7 20. Ba3 Qb6 21. Re1
Rec8 22. Nd6 Rd8 23. Bf5 Nb4 24. Bxe6 fxe6 25. Ne4 dxe4 26. fxe4 Nf6 27. Qb3
Nxe4 28. Bxb4 axb4 29. Rc4 Nc5 30. Qc2 Nd3 31. Re2 b3 0-1

[Event "Memorial Alfeo Gigli A"]
[Site "Pianoro ITA"]
[Date "2011.11.25"]
[Round "1"]
[White "Voiska, Margarita"]
[Black "Zorzetto, Carlo"]
[Result "1-0"]
[WhiteElo "2328"]
[BlackElo "1842"]
[PlyCount "79"]
[EventDate "2011.11.25"]

1. d4 d5 2. Nf3 e6 3. c4 c6 4. Qc2 Nf6 5. Nbd2 Bb4 6. e3 Ne4 7. Bd3 f5 8. O-O
O-O 9. Ne5 Nd7 10. cxd5 cxd5 11. f3 Nef6 12. Qb3 Bd6 13. f4 Kh8 14. Ndf3 Ne4
15. Bd2 Nxd2 16. Nxd2 Bxe5 17. fxe5 Qg5 18. Rf3 Nb6 19. a4 Rb8 20. a5 Na8 21.
Qb4 Qd8 22. e4 dxe4 23. Nxe4 Bd7 24. Nd6 Bc6 25. Rh3 Nc7 26. Rf1 Qe7 27. Qc5
Ne8 28. Ne4 Qxc5 29. Nxc5 Bd5 30. Nd7 Nc7 31. Nxb8 Rxb8 32. Rc1 Bc6 33. Bc4 Rd8
34. Rd3 Nd5 35. Bxd5 Rxd5 36. Rc5 Rd8 37. a6 Be4 38. Rdc3 Bc6 39. axb7 Bxb7 40.
Rc7 1-0

[Event "Memorial Alfeo Gigli A"]
[Site "Pianoro ITA"]
[Date "2011.11.26"]
[Round "2"]
[White "Castrogiovanni, Carlo"]
[Black "Voiska, Margarita"]
[Result "1/2-1/2"]
[WhiteElo "2027"]
[BlackElo "2328"]
[PlyCount "50"]
[EventDate "2011.11.25"]

1. d4 d6 2. Nf3 Bg4 3. Nbd2 Nf6 4. h3 Bh5 5. c3 c6 6. e3 Nbd7 7. Bd3 e6 8. Qc2
d5 9. O-O Qc7 10. b3 e5 11. dxe5 Nxe5 12. Nxe5 Qxe5 13. e4 O-O-O 14. f4 Bc5+
15. Kh1 Qe7 16. e5 Nd7 17. Nf3 f6 18. exf6 Nxf6 19. Re1 Ne4 20. Bxe4 dxe4 21.
Ne5 Bg6 22. Be3 Bxe3 23. Rxe3 Bf5 24. g4 Be6 25. Kh2 h5 1/2-1/2

[Event "Memorial Alfeo Gigli A"]
[Site "Pianoro ITA"]
[Date "2011.11.26"]
[Round "2"]
[White "Chiarion, Elisa"]
[Black "Gilevych, Artem"]
[Result "1/2-1/2"]
[WhiteElo "1967"]
[BlackElo "2270"]
[PlyCount "80"]
[EventDate "2011.11.25"]

1. e4 Nc6 2. d4 e5 3. Nf3 d6 4. Bb5 exd4 5. Nxd4 Bd7 6. Bxc6 bxc6 7. O-O g6 8.
Nc3 Bg7 9. Be3 Ne7 10. Qd2 O-O 11. Bh6 c5 12. Bxg7 Kxg7 13. Nf3 Be6 14. Nd5
Bxd5 15. exd5 Nf5 16. Rfe1 Qf6 17. c4 a5 18. b3 a4 19. g4 Nh4 20. Nxh4 Qxh4 21.
Qc3+ Qf6 22. Qxf6+ Kxf6 23. Rad1 axb3 24. axb3 Rfe8 25. Kg2 Rxe1 26. Rxe1 Ra3
27. Re3 g5 28. Kg3 Ra1 29. Kg2 Rb1 30. h3 Kg6 31. Re7 Rxb3 32. Rxc7 Rb4 33. Rc6
Rxc4 34. Rxd6+ f6 35. Rc6 Rc3 36. Rc7 c4 37. d6 Rd3 38. d7 c3 39. Rxc3 Rxd7 40.
Rc6 Rd3 1/2-1/2

[Event "Memorial Alfeo Gigli A"]
[Site "Pianoro ITA"]
[Date "2011.11.26"]
[Round "2"]
[White "Dobboletta, Alex"]
[Black "Galassi, Federico"]
[Result "1-0"]
[WhiteElo "1939"]
[BlackElo "2185"]
[PlyCount "59"]
[EventDate "2011.11.25"]

1. e4 d6 2. d4 Nf6 3. Nc3 g6 4. f3 c6 5. Be3 b5 6. Qd2 Nbd7 7. g4 Nb6 8. a3 Bb7
9. h4 h5 10. g5 Nfd7 11. f4 Bg7 12. f5 a6 13. Nh3 c5 14. fxg6 fxg6 15. Nf4 cxd4
16. Bxd4 Bxd4 17. Qxd4 Ne5 18. O-O-O Bc8 19. Nxg6 Nxg6 20. Qg7 Be6 21. Qxg6+
Bf7 22. Qf5 Rg8 23. Rg1 Rg6 24. Be2 Nc4 25. Rdf1 Rg7 26. g6 Ne3 27. gxf7+ Kf8
28. Rxg7 Nxf5 29. Rg8+ Kxf7 30. Rxd8 1-0

[Event "Memorial Alfeo Gigli A"]
[Site "Pianoro ITA"]
[Date "2011.11.26"]
[Round "2"]
[White "Fagnani, Alessandro"]
[Black "Otte, Marijn Willem"]
[Result "0-1"]
[WhiteElo "1950"]
[BlackElo "2236"]
[PlyCount "92"]
[EventDate "2011.11.25"]

1. e4 c5 2. Nf3 a6 3. d4 cxd4 4. Nxd4 Nf6 5. Nc3 e5 6. Nb3 Bb4 7. Qd3 Nc6 8.
Bd2 O-O 9. a3 Bxc3 10. Bxc3 d5 11. exd5 Nxd5 12. O-O-O Nxc3 13. Qxc3 Qg5+ 14.
Kb1 Bf5 15. Qg3 Qxg3 16. hxg3 Rac8 17. Rd2 Rfd8 18. Kc1 Rxd2 19. Nxd2 g6 20. c3
Kg7 21. Nc4 Rd8 22. Be2 Be6 23. Rd1 Rxd1+ 24. Kxd1 Bxc4 25. Bxc4 f5 26. Bd5 Kf6
27. Kd2 e4 28. Ke3 Ke5 29. Bf7 g5 30. b4 a5 31. b5 Nd8 32. Bg8 f4+ 33. gxf4+
gxf4+ 34. Ke2 h6 35. b6 Ne6 36. Bf7 Nc5 37. Be8 Kd5 38. Bb5 h5 39. g3 e3 40.
Be8 exf2 41. gxf4 Nd3 42. Bb5 Nxf4+ 43. Kxf2 Kc5 44. Be8 h4 45. Kf3 Nd5 46. Kg4
Nf6+ 0-1

[Event "Memorial Alfeo Gigli A"]
[Site "Pianoro ITA"]
[Date "2011.11.26"]
[Round "2"]
[White "Malfagia, Andrea"]
[Black "Maurizio, Antonio"]
[Result "1-0"]
[WhiteElo "2261"]
[BlackElo "2018"]
[PlyCount "67"]
[EventDate "2011.11.25"]

1. d4 d5 2. c4 e6 3. Nc3 Be7 4. cxd5 exd5 5. Bf4 c6 6. e3 Bf5 7. g4 Be6 8. h3
Nf6 9. Bd3 Nbd7 10. Nge2 Nb6 11. Qc2 Nfd7 12. O-O-O Nf8 13. Kb1 a5 14. Bg3 h5
15. f4 f6 16. f5 Bf7 17. Nf4 Qd7 18. e4 dxe4 19. Bxe4 Nd5 20. Nfxd5 Bxd5 21.
Bxd5 cxd5 22. Qb3 Rd8 23. Nb5 hxg4 24. hxg4 Rxh1 25. Rxh1 Kf7 26. Rc1 Qe8 27.
Nc7 Qd7 28. Nb5 Qe8 29. Rc7 Rd7 30. Nd6+ Bxd6 31. Qxd5+ Ke7 32. Bxd6+ Kd8 33.
Rc8+ Kxc8 34. Qc5+ 1-0

[Event "Memorial Alfeo Gigli A"]
[Site "Pianoro ITA"]
[Date "2011.11.26"]
[Round "2"]
[White "Mandolini, Riccardo"]
[Black "Llanes Hurtado, Miguel"]
[Result "0-1"]
[WhiteElo "2101"]
[BlackElo "2476"]
[PlyCount "54"]
[EventDate "2011.11.25"]

1. Nc3 d5 2. e4 d4 3. Nce2 e5 4. Ng3 Be6 5. Nf3 f6 6. Bb5+ c6 7. Ba4 Nd7 8. Bb3
Nc5 9. Bxe6 Nxe6 10. d3 Qd7 11. O-O O-O-O 12. c4 dxc3 13. Qa4 Qxd3 14. Be3 Qb5
15. Qxb5 cxb5 16. bxc3 Bc5 17. Rfb1 Bxe3 18. fxe3 a6 19. a4 bxa4 20. Rxa4 Ne7
21. Nf5 Nc6 22. Rc4 Rd7 23. Kf2 g6 24. Nh6 Rc7 25. Rb6 Nf8 26. Rb2 Ne6 27. Ra4
Nc5 0-1

[Event "Memorial Alfeo Gigli A"]
[Site "Pianoro ITA"]
[Date "2011.11.26"]
[Round "2"]
[White "Martinez, Rolly"]
[Black "Frigieri, Fabrizio"]
[Result "1-0"]
[WhiteElo "2420"]
[BlackElo "2129"]
[PlyCount "133"]
[EventDate "2011.11.25"]

1. e4 c5 2. Nf3 d6 3. d4 cxd4 4. Qxd4 a6 5. Be3 Nf6 6. Nc3 Nc6 7. Qd2 g6 8.
O-O-O Bg7 9. e5 dxe5 10. Qxd8+ Nxd8 11. Nxe5 O-O 12. Bc5 Ng4 13. Nxg4 Bxg4 14.
Be2 Bxe2 15. Nxe2 Bf6 16. Rd7 Re8 17. Bb6 Nc6 18. Rhd1 Rab8 19. c3 Ne5 20. Rc7
Rec8 21. Kc2 Nc4 22. Ba7 Rxc7 23. Bxb8 Rc8 24. Bf4 b5 25. Rd7 g5 26. Bc1 Ne5
27. Ra7 Nc6 28. Rb7 Nb4+ 29. Kb3 Nd3 30. Be3 Rc6 31. Ng3 Re6 32. Nh5 h6 33. a4
bxa4+ 34. Kxa4 Be5 35. h3 f5 36. g4 f4 37. Ba7 Kf7 38. Kb3 Bd6 39. Kc4 Ne5+ 40.
Kd5 Nf3 41. c4 Re5+ 42. Kc6 Ke6 43. Ng7+ Kf6 44. Ne8+ Ke6 45. Nxd6 exd6 46. Rd7
Re2 47. Rxd6+ Ke5 48. b3 Rb2 49. Rxh6 Rxb3 50. Kc7 Rc3 51. c5 Nd4 52. Kb7 a5
53. Ra6 Rxh3 54. c6 Rh7+ 55. c7 Ne6 56. Rxa5+ Ke4 57. Bb6 Kf3 58. Kc6 Nxc7 59.
Bxc7 Kxf2 60. Rxg5 Kg3 61. Rg8 Rh4 62. g5 Kg4 63. g6 Kf5 64. g7 Rh6+ 65. Kd5
Kg6 66. Bxf4 Kf7 67. Rf8+ 1-0

[Event "Memorial Alfeo Gigli A"]
[Site "Pianoro ITA"]
[Date "2011.11.26"]
[Round "2"]
[White "Mascellani, Marco"]
[Black "Paoli, Walter"]
[Result "1-0"]
[WhiteElo "2297"]
[BlackElo "2055"]
[PlyCount "53"]
[EventDate "2011.11.25"]

1. d4 Nf6 2. c4 g6 3. Nf3 Bg7 4. e3 O-O 5. Be2 d5 6. cxd5 Nxd5 7. O-O b6 8. e4
Nf6 9. Nc3 Ba6 10. Bxa6 Nxa6 11. Qa4 Qc8 12. e5 Nd7 13. Nd5 Re8 14. Bg5 Bf8 15.
Rfe1 e6 16. Qxd7 exd5 17. Qxd5 c5 18. Bf6 Nc7 19. Qe4 cxd4 20. Nxd4 Ne6 21.
Rac1 Nc5 22. Qh4 Qd7 23. Re3 h6 24. Rh3 Kh7 25. Rcc3 Rac8 26. g4 Ne4 27. Qxh6+
1-0

[Event "Memorial Alfeo Gigli A"]
[Site "Pianoro ITA"]
[Date "2011.11.26"]
[Round "2"]
[White "Messina, Marco"]
[Black "Mrdja, Milan"]
[Result "0-1"]
[WhiteElo "2052"]
[BlackElo "2407"]
[PlyCount "46"]
[EventDate "2011.11.25"]

1. d4 g6 2. e4 Bg7 3. Nf3 d6 4. c3 Nf6 5. Bd3 O-O 6. h3 c5 7. Be3 Qc7 8. Nbd2
Nbd7 9. O-O e6 10. Re1 b6 11. Rc1 Bb7 12. Qc2 a6 13. a4 Rac8 14. Bf4 Nh5 15.
Bh2 Bh6 16. Rcd1 cxd4 17. Nxd4 Nc5 18. e5 Nxd3 19. Qxd3 Bf4 20. exd6 Bxh2+ 21.
Kxh2 Qxd6+ 22. g3 e5 23. Nc4 Qf6 0-1

[Event "Memorial Alfeo Gigli A"]
[Site "Pianoro ITA"]
[Date "2011.11.26"]
[Round "2"]
[White "Napoli, Nicolo'"]
[Black "Bonade', Massimo"]
[Result "1/2-1/2"]
[WhiteElo "2341"]
[BlackElo "2074"]
[PlyCount "95"]
[EventDate "2011.11.25"]

1. d4 Nf6 2. Nc3 d5 3. Bg5 Nbd7 4. e3 e6 5. f4 Be7 6. Nf3 O-O 7. Bd3 c5 8. O-O
b6 9. Ne5 Nxe5 10. dxe5 Nd7 11. Bxe7 Qxe7 12. e4 c4 13. Be2 Qc5+ 14. Kh1 d4 15.
Na4 Qc6 16. b3 b5 17. Nb2 c3 18. Nd3 Nc5 19. Bf3 Nxd3 20. Qxd3 Rd8 21. a3 a5
22. Rfd1 Ba6 23. Qf1 b4 24. Be2 Bxe2 25. Qxe2 bxa3 26. Rxa3 a4 27. h3 h6 28.
Qd3 axb3 29. Rxb3 Rac8 30. Rb4 Ra8 31. f5 Ra4 32. Rb3 Qc4 33. Qf3 d3 34. fxe6
fxe6 35. Rb7 Rf8 36. Qg4 Rf7 37. cxd3 Qc6 38. Rxf7 Kxf7 39. Qh5+ Kg8 40. Kh2 c2
41. Rc1 Rb4 42. Qe2 Rb2 43. d4 Qc3 44. Qf2 Qd3 45. d5 Qxe4 46. dxe6 Qxe5+ 47.
g3 Qxe6 48. Rxc2 1/2-1/2

[Event "Memorial Alfeo Gigli A"]
[Site "Pianoro ITA"]
[Date "2011.11.26"]
[Round "3"]
[White "Bonade', Massimo"]
[Black "Chiarion, Elisa"]
[Result "1-0"]
[WhiteElo "2074"]
[BlackElo "1967"]
[PlyCount "51"]
[EventDate "2011.11.25"]

1. d4 d5 2. c4 e6 3. Nc3 c6 4. Nf3 dxc4 5. a4 Bb4 6. e4 b5 7. Be2 Nf6 8. Qc2 h6
9. O-O O-O 10. axb5 Bxc3 11. bxc3 cxb5 12. Ba3 Re8 13. Rfb1 a6 14. e5 Nd5 15.
Nd2 Nb6 16. Ne4 Qc7 17. Nd6 Rd8 18. Qe4 Nd5 19. Qf3 Nc6 20. Qg3 g6 21. Bc1 Kg7
22. Nxb5 Qe7 23. Nd6 Qc7 24. Bxc4 Na5 25. Bxd5 exd5 26. Qf4 1-0

[Event "Memorial Alfeo Gigli A"]
[Site "Pianoro ITA"]
[Date "2011.11.26"]
[Round "3"]
[White "Cocuzzi, Edoardo"]
[Black "Napoli, Nicolo'"]
[Result "1-0"]
[WhiteElo "1947"]
[BlackElo "2341"]
[PlyCount "101"]
[EventDate "2011.11.25"]

1. e4 c6 2. d4 Nf6 3. e5 Nd5 4. c3 d6 5. exd6 Qxd6 6. g3 h5 7. h4 Bf5 8. Bg2
Nd7 9. Nd2 Qg6 10. Ndf3 O-O-O 11. Ne2 e5 12. O-O Bd6 13. dxe5 Nxe5 14. Nxe5
Bxe5 15. Qa4 Rhe8 16. Nf4 Nxf4 17. Bxf4 Bc2 18. Bh3+ Bf5 19. Bxf5+ Qxf5 20.
Bxe5 Rxe5 21. Rad1 Rde8 22. Qxa7 g5 23. Rd4 Ra5 24. Qb6 Rb5 25. Qa7 Kc7 26.
Rfd1 gxh4 27. Rd7+ Qxd7 28. Rxd7+ Kxd7 29. Qd4+ Rd5 30. Qxh4 Re7 31. Qb4 Ke8
32. Qf4 Kf8 33. Kg2 Kg7 34. c4 Rde5 35. Qd4 f6 36. Qd8 c5 37. a3 Kf7 38. b4 Rg5
39. f4 Rg6 40. Qd5+ Kg7 41. Qxh5 Re3 42. g4 Rxa3 43. bxc5 Rc3 44. Qf5 Rxc4 45.
Kf3 Rc1 46. Kf2 Rc3 47. g5 Rb3 48. Qd7+ Kf8 49. Qd6+ Kg7 50. Qe7+ Kh8 51. Qe8+
1-0

[Event "Memorial Alfeo Gigli A"]
[Site "Pianoro ITA"]
[Date "2011.11.26"]
[Round "3"]
[White "Dobboletta, Alex"]
[Black "Mascellani, Marco"]
[Result "1/2-1/2"]
[WhiteElo "1939"]
[BlackElo "2297"]
[PlyCount "102"]
[EventDate "2011.11.25"]

1. e4 d5 2. exd5 Nf6 3. d4 Nxd5 4. Nf3 Bg4 5. Be2 e6 6. O-O Nd7 7. c4 N5b6 8.
d5 Bd6 9. Ng5 Bxe2 10. Qxe2 e5 11. f4 Qe7 12. Ne4 exf4 13. Nxd6+ cxd6 14. Qxe7+
Kxe7 15. Rxf4 Rac8 16. b3 Nxd5 17. Re4+ Ne5 18. Ba3 Ke6 19. cxd5+ Kxd5 20. Re1
Rc6 21. Nd2 Ke6 22. Nc4 f6 23. Rad1 d5 24. Ne3 Ra6 25. Bb2 Rxa2 26. Bxe5 fxe5
27. Nxd5 Rc8 28. Nb4 Ra5 29. Re3 Rb5 30. Nd3 Rf8 31. g4 h5 32. h3 hxg4 33. hxg4
Rd5 34. Rde1 Kd6 35. Nxe5 Rf4 36. Nc4+ Kc5 37. Rg3 g5 38. Rf1 b5 39. Nb2 Rxf1+
40. Kxf1 Rd2 41. Nd3+ Kd4 42. Nb4 Ke4 43. Rg2 Rxg2 44. Kxg2 a5 45. Nc6 a4 46.
bxa4 bxa4 47. Nb4 Kd4 48. Kf3 Kc3 49. Na2+ Kb2 50. Nb4 Kc3 51. Na2+ Kb2 1/2-1/2

[Event "Memorial Alfeo Gigli A"]
[Site "Pianoro ITA"]
[Date "2011.11.26"]
[Round "3"]
[White "Galassi, Federico"]
[Black "Bonetti, Carlo"]
[Result "0-1"]
[WhiteElo "2185"]
[BlackElo "1891"]
[PlyCount "66"]
[EventDate "2011.11.25"]

1. e4 e6 2. d4 d5 3. Nd2 Nf6 4. e5 Nfd7 5. Bd3 c5 6. c3 cxd4 7. cxd4 Nc6 8.
Ngf3 Qb6 9. O-O Nxd4 10. Nxd4 Qxd4 11. Nf3 Qg4 12. h3 Qh5 13. Qa4 f6 14. Re1
Bc5 15. exf6 O-O 16. b4 Bb6 17. Bb2 gxf6 18. Rac1 Qf7 19. Re2 Ne5 20. Rxe5 fxe5
21. Bxe5 Bd7 22. b5 Qh5 23. Re1 a6 24. Qa3 Rxf3 25. gxf3 Qg5+ 26. Kh2 Bxf2 27.
Bxh7+ Kxh7 28. f4 Qg6 29. Rf1 Rg8 30. Qf3 Qg3+ 31. Qxg3 Bxg3+ 32. Kh1 Bxb5 33.
Rc1 Bc6 0-1

[Event "Memorial Alfeo Gigli A"]
[Site "Pianoro ITA"]
[Date "2011.11.26"]
[Round "3"]
[White "Gilevych, Artem"]
[Black "Castrogiovanni, Carlo"]
[Result "1-0"]
[WhiteElo "2270"]
[BlackElo "2027"]
[PlyCount "61"]
[EventDate "2011.11.25"]

1. d4 d6 2. Nf3 c6 3. c4 Bg4 4. Nc3 Nd7 5. g3 e5 6. Bg2 Ngf6 7. O-O Be7 8. h3
Bxf3 9. exf3 O-O 10. f4 exd4 11. Qxd4 Qb6 12. Qd3 Rfd8 13. Qe2 Re8 14. Be3 Qc7
15. Rac1 Rad8 16. g4 Nf8 17. b3 Qa5 18. Rfd1 Ng6 19. g5 Nd7 20. Qg4 f5 21. Qg3
Nb6 22. h4 d5 23. h5 Nf8 24. cxd5 Nxd5 25. Nxd5 cxd5 26. Qf3 Ba3 27. Rxd5 Qb4
28. Rcd1 Ne6 29. Rxd8 Nxd8 30. Qd5+ Ne6 31. Qxf5 1-0

[Event "Memorial Alfeo Gigli A"]
[Site "Pianoro ITA"]
[Date "2011.11.26"]
[Round "3"]
[White "Llanes Hurtado, Miguel"]
[Black "Malfagia, Andrea"]
[Result "1-0"]
[WhiteElo "2476"]
[BlackElo "2261"]
[PlyCount "107"]
[EventDate "2011.11.25"]

1. Nf3 Nf6 2. c4 c5 3. Nc3 e6 4. g3 b6 5. Bg2 Bb7 6. O-O Be7 7. d4 cxd4 8. Qxd4
d6 9. b3 a6 10. e4 Nbd7 11. Rd1 O-O 12. Ba3 Nc5 13. e5 dxe5 14. Qxd8 Rfxd8 15.
Nxe5 Bxg2 16. Kxg2 Bf8 17. Bb2 Rac8 18. Kf3 g6 19. Ke2 h5 20. f3 Bg7 21. Rxd8+
Rxd8 22. Rd1 Rxd1 23. Nxd1 Nfd7 24. Nc6 Bxb2 25. Nxb2 a5 26. Nd3 Kg7 27. Na7
Kf6 28. Nxc5 Nxc5 29. Nc8 Nd7 30. a3 e5 31. b4 axb4 32. axb4 Ke6 33. Ke3 g5 34.
g4 hxg4 35. fxg4 f5 36. gxf5+ Kxf5 37. Nd6+ Ke6 38. Ne4 g4 39. Kd3 Nf8 40. Nc3
Nd7 41. Nd5 Kd6 42. Ke4 Ke6 43. Ke3 Kd6 44. Nc3 Ke6 45. Kd3 Nf6 46. Nd1 Kd6 47.
Nf2 Ke6 48. Ke3 Kf5 49. Nh1 e4 50. Ng3+ Ke5 51. b5 Nd7 52. Nxe4 Nf8 53. Nc3 Nd7
54. Na4 1-0

[Event "Memorial Alfeo Gigli A"]
[Site "Pianoro ITA"]
[Date "2011.11.26"]
[Round "3"]
[White "Mrdja, Milan"]
[Black "Baldazzi, Stefano"]
[Result "1-0"]
[WhiteElo "2407"]
[BlackElo "2173"]
[PlyCount "89"]
[EventDate "2011.11.25"]

1. e4 c5 2. Nf3 d6 3. d4 cxd4 4. Qxd4 Nc6 5. Bb5 Bd7 6. Bxc6 Bxc6 7. Nc3 e5 8.
Qd3 Be7 9. O-O Nf6 10. Bg5 Qc7 11. Bxf6 Bxf6 12. Rfd1 Rd8 13. Nd2 O-O 14. Nc4
Bg5 15. Nd5 Bxd5 16. Qxd5 Be7 17. a4 Rc8 18. b3 Rfd8 19. Rd3 Qc6 20. Rad1 Qxd5
21. Rxd5 f6 22. g3 Rc6 23. f4 exf4 24. gxf4 Re8 25. Kf2 Kf7 26. Kf3 g6 27. R1d4
Rec8 28. Ke3 Ke6 29. f5+ gxf5 30. exf5+ Kd7 31. Rh4 Rc5 32. Rdd4 d5 33. Kd2 b5
34. axb5 Rxb5 35. Rxh7 Kc6 36. Rxe7 dxc4 37. Rxc4+ Rc5 38. Re6+ Kd5 39. Rxc5+
Kxc5 40. Rxf6 Rh8 41. Re6 Rxh2+ 42. Re2 Rh6 43. Rf2 Rf6 44. Ke3 Kd5 45. Kf4 1-0

[Event "Memorial Alfeo Gigli A"]
[Site "Pianoro ITA"]
[Date "2011.11.26"]
[Round "3"]
[White "Otte, Marijn Willem"]
[Black "Martinez, Rolly"]
[Result "0-1"]
[WhiteElo "2236"]
[BlackElo "2420"]
[PlyCount "74"]
[EventDate "2011.11.25"]

1. e4 c5 2. Nf3 Nc6 3. Nc3 e6 4. d4 cxd4 5. Nxd4 Qc7 6. Ndb5 Qb8 7. Be3 a6 8.
Bb6 axb5 9. Nxb5 Bb4+ 10. c3 Ba5 11. Nc7+ Qxc7 12. Bxc7 Bxc7 13. Qg4 Kf8 14. f4
d5 15. exd5 Nf6 16. Qf3 exd5 17. Bd3 g6 18. O-O Kg7 19. h3 Re8 20. a3 Ne4 21.
Rfe1 f5 22. Rad1 Be6 23. c4 Rad8 24. cxd5 Bxd5 25. Bxe4 fxe4 26. Qc3+ Kh6 27.
Qc5 Bb8 28. Kh1 Ne7 29. Rxe4 Bd6 30. Qb5 Bxe4 31. Rxd6 Nf5 32. Rxd8 Rxd8 33.
Qb4 Bc6 34. Kh2 Re8 35. g4 Re2+ 36. Kg1 Rg2+ 37. Kf1 Ne3+ 0-1

[Event "Memorial Alfeo Gigli A"]
[Site "Pianoro ITA"]
[Date "2011.11.26"]
[Round "3"]
[White "Semeria, Marco"]
[Black "Lagrotteria, Salvatore"]
[Result "1-0"]
[WhiteElo "2048"]
[BlackElo "2198"]
[PlyCount "53"]
[EventDate "2011.11.25"]

1. e4 e6 2. d4 d5 3. Nd2 Nf6 4. e5 Nfd7 5. f4 b6 6. Ndf3 h6 7. Bd3 Ba6 8. Ne2
c5 9. c3 Bxd3 10. Qxd3 g6 11. O-O c4 12. Qc2 b5 13. Be3 Nc6 14. g4 Qb6 15. Bf2
O-O-O 16. b4 Ne7 17. a4 f5 18. exf6 Nxf6 19. Ne5 Rh7 20. axb5 Ne4 21. Ra6 Qxb5
22. Rxa7 Nd6 23. Rfa1 Nb7 24. Bh4 Rg7 25. R1a6 g5 26. fxg5 hxg5 27. Bg3 1-0